000
00291nam a22001337a 4500
008
170728b xxu||||| |||| 00| 0 eng d
020
_a
9781400040926
041
_a
eng
080
_a
004
100
_a
31
101
_a
SHK
245
_a
PROGRAMMING THE UNIVERSE
_c
LLOYD,S
942
_2
udc
_c
BK
999
_c
22076
_d
22076